MARC

Tag First Indicator Second Indicator Subfields
LEADER 00000cam a22000001i 4500
001 in00004372012
006 m |o d |
007 cr |n|||||||||
008 150917s2016 enk ob 001 0beng d
005 20250816210212.6
020 |a 9780190225445  |q electronic bk. 
020 |a 0190225440  |q electronic bk. 
020 |z 9780190225438 (hardback : alkaline paper) 
020 |z 0190225432 (hardback : alkaline paper) 
024 8 |a 99988432419 
035 |a (NhCcYBP)ebc2198496 
040 |a NhCcYBP  |c NhCcYBP  |d UtOrBLW 
043 |a e-gx--- 
050 4 |a CT1098.C53  |b B45 2016 
082 0 4 |a 943/.070922  |a B  |2 23 
084 |a HIS027000  |a BIO006000  |a HIS037060  |2 bisacsh 
100 1 |a Bellinger, Vanya Eftimova,  |e author.  |0 http://id.loc.gov/authorities/names/n2015030630 
245 1 0 |a Marie von Clausewitz :  |b the woman behind the making of On War /  |c Vanya Eftimova Bellinger. 
264 1 |a Oxford ;  |a New York :  |b Oxford University Press,  |c [2016] 
300 |a 1 online resource. 
336 |a text  |b txt  |2 rdacontent 
337 |a computer  |b c  |2 rdamedia 
338 |a online resource  |b cr  |2 rdacarrier 
504 |a Includes bibliographical references and index. 
505 0 |a Introduction -- Two worlds apart (1779-1801) -- Falling in love (1802-June 1806) -- Disaster and separation (July 1806-October 1807) -- The long engagement (November 1807-November 1809) -- Marriage (December 1809-March 1812) -- Exile (April 1812-January 1813) -- The wars of liberation (March 1813-August 1815) -- The way ahead (August 1815-December 1818) -- The decade in Berlin (1819-1829) -- The last years together (December 1829-November 1831) -- The emergence of On War (December 1831-January 1836) -- Postscript. 
588 |a Description based on print version record. 
588 |a Description based on online resource; title from digital title page (viewed on September 17, 2015). 
500 |a Electronic resource. 
600 1 0 |a Clausewitz, Marie Sophie von Brühl von,  |d 1779-1836.  |0 http://id.loc.gov/authorities/names/n2015030631 
600 1 0 |a Clausewitz, Marie Sophie von Brühl von,  |d 1779-1836  |x Marriage. 
600 1 0 |a Clausewitz, Carl von,  |d 1780-1831  |x Marriage. 
600 1 0 |a Clausewitz, Carl von,  |d 1780-1831.  |t Vom Kriege.  |l English  |v Sources. 
600 1 0 |a Clausewitz, Marie Sophie von Brühl von,  |d 1779-1836  |v Correspondence. 
600 1 0 |a Clausewitz, Carl von,  |d 1780-1831  |v Correspondence. 
650 0 |a Generals' spouses  |z Germany  |v Biography. 
650 0 |a Women editors  |z Germany  |v Biography. 
655 7 |a Electronic books.  |2 local 
600 1 0 |a Clausewitz, Carl von,  |d 1780-1831.  |t Vom Kriege.  |k Selections.  |l English  |v Sources. 
710 2 |a ProQuest (Firm)  |0 http://id.loc.gov/authorities/names/n2007068018 
776 1 8 |c Original  |z 9780190225438  |z 0190225432  |w (DLC) 2015010789 
856 4 0 |u https://ebookcentral.proquest.com/lib/tamucs/detail.action?docID=2198496  |z Connect to the full text of this electronic book  |t 0 
945 |b 27015 
955 |a YBP purchased firm e-records 
987 |a ybp12592394 
999 f f |s 1c3caac3-9a83-3076-9538-0d93b0fbed03  |i 55a9262b-abc0-3ea0-81a6-24426fec1e7d  |t 0 
952 f f |a Texas A&M University  |b College Station  |c Electronic Resources  |d Available Online  |t 0  |e CT1098.C53 B45 2016  |h Library of Congress classification 
998 f f |a CT1098.C53 B45 2016  |t 0  |l Available Online